000 00209nam a2200097Ia 4500
008 190216s9999||||xx |||||||||||||| ||und||
100 _aPonkunnanvarkey
245 0 _aJayililninnu
260 _bNull
942 _cBK
999 _c23528
_d23528